| 000 | 00817nam a22002177a 4500 | ||
|---|---|---|---|
| 005 | 20150723160032.0 | ||
| 008 | 140714b xxu||||| |||| 00| 0 Urdu d | ||
| 010 | _aUR-9226 | ||
| 020 | q | _c300.00 | |
| 035 | _aU-7781 | ||
| 037 | _bDBAD/Pub. | ||
| 040 |
_aDPL _bUrdu |
||
| 082 | _a840.8 | ||
| 100 | _aمر تبہ :سيفی سر و نجی | ||
| 245 |
_aمحمد ا يو ب و ا قف:شخصيت ا و ر ا د بی خد ما ت _cمر تبہ :سيفی سر و نجی |
||
| 246 |
_aMohd. Ayub Waqif:Shakhsiat aur Adabi Khidmaat _bBy Saifi Saronji |
||
| 260 |
_aNew Mumbai _c2011 _bSaifi Saronji |
||
| 270 |
_aSea Queen Avenue B,Wing,F No.705,7th floor Sect. no 14KoPar Khairne, _bNew Mumbai _e400709 _k9320690691 |
||
| 300 |
_a304+4ص _c22Cm (Hb) |
||
| 942 |
_2ddc _cUR _e _h840.8 _mم ح م |
||
| 999 |
_c95192 _d95192 |
||